000 00565nam a2200241 a 4500
001 nice12345678
003 IN_TiNIC
005 20260116011404.0
008 050524s1897 boma grp 000 0 per
020 _a
_c100
082 0 0 _a891.53
_bQAD
100 _aQadri, Mohd Khudawand
245 _aTooti Nama
260 _aBombay
_bMohammadi Press
_c1897
300 _a59p
500 _aincludes index and biblioraphy
505 2 _aIndex
650 _aPersian Fiction
700 1 _aQadri, Mohd Khudawand
902 _bSRS
942 _cBK
999 _c1095
_d1095